书目信息 |
| 题名: |
编织社会安全网
|
|
| 作者: | 王爱文 著 | |
| 分册: | ||
| 出版信息: | 桂林 广西师范大学出版社 1998.12 |
|
| 页数: | 233页 | |
| 开本: | 32开 | |
| 丛书名: | ||
| 单 册: | ||
| 中图分类: | D632.1 | |
| 科图分类: | ||
| 主题词: | 政治--中国 | |
| 电子资源: | ||
| ISBN: | 7-5633-2816-5 | |
| 000 | 00556nam0 2200193 45 | |
| 001 | 0104101013 | |
| 005 | 20010607165120.8 | |
| 010 | @a7-5633-2816-5@d10.00元 | |
| 100 | @a20010410d1998 km y0chiy0120 ea | |
| 101 | 0 | @achi |
| 105 | @a z 000yy | |
| 200 | 1 | @a编织社会安全网@ABian Zhi She Hui An Quan Wang@f王爱文等著@FWang Ai Wen Deng Zhu |
| 210 | @a桂林@c广西师范大学出版社@d1998.12 | |
| 215 | @a233页@d32开 | |
| 606 | 0 | @a政治@x中国 |
| 690 | @aD632.1@v3 | |
| 701 | 0 | @a王爱文@4著 |
| 801 | @aCN@bPftUser@c20010410 | |
| 905 | @dD632.1@eW854@b346018-022@f5 | |
| 编织社会安全网/王爱文等著.-桂林:广西师范大学出版社,1998.12 |
| 233页;32开 |
| ISBN 7-5633-2816-5:10.00元 |
| ● |
| 相关链接 |
|
|
|
正题名:编织社会安全网
索取号:D632.1/W854
 
预约/预借
| 序号 | 登录号 | 条形码 | 馆藏地/架位号 | 状态 | 备注 |
| 1 | 346018 | 203460183 | 社科库509/509社科库 74排8列3层/ [索取号:D632.1/W854] | 在馆 | |
| 2 | 346019 | 203460192 | 社科库509/509社科库 74排8列3层/ [索取号:D632.1/W854] | 在馆 | |
| 3 | 346020 | 203460209 | 社科库509/422社科库 41排1列2层/ [索取号:D632.1/W854] | 在馆 | |
| 4 | 346021 | 203460218 | 社科库509/422社科库 41排1列2层/ [索取号:D632.1/W854] | 在馆 | |
| 5 | 346022 | 203460227 | 社科库509/509社科库 74排8列3层/ [索取号:D632.1/W854] | 在馆 |